Ճանաչում և դատապարտում : (Record no. 322730)
[ view plain ]
| 000 -LEADER | |
|---|---|
| fixed length control field | 00993nam a2200217 a 4500 |
| 001 - CONTROL NUMBER | |
| control field | 000963231 |
| 003 - CONTROL NUMBER IDENTIFIER | |
| control field | AM-YeHGA |
| 005 - DATE AND TIME OF LATEST TRANSACTION | |
| control field | 20250618074207.0 |
| 008 - FIXED-LENGTH DATA ELEMENTS--GENERAL INFORMATION | |
| fixed length control field | 130517s2013 |||| |||||||||| | arm c |
| 020 ## - INTERNATIONAL STANDARD BOOK NUMBER | |
| International Standard Book Number | 9789939822310 |
| 040 ## - CATALOGING SOURCE | |
| Original cataloging agency | AM-YeHGA |
| 041 0# - LANGUAGE CODE | |
| Language code of text/sound track or separate title | arm |
| 090 ## - LOCALLY ASSIGNED LC-TYPE CALL NUMBER (OCLC); LOCAL CALL NUMBER (RLIN) | |
| -- | 324473 |
| 100 1# - MAIN ENTRY--PERSONAL NAME | |
| Personal name | Անումյան, Մելինե Վահեի, |
| Dates associated with a name | 1977- |
| 245 10 - TITLE STATEMENT | |
| Title | Ճանաչում և դատապարտում : |
| Remainder of title | Երիտթուրքերի դատավարությունները (1919-1921թթ. և 1926թ.) / |
| Statement of responsibility, etc. | Մ. Անումյան ; Պատ. խմբ.` Ա. Ավագյան ; Հայոց Ցեղասպանության թանգարան-ինստիտուտ. |
| 260 ## - PUBLICATION, DISTRIBUTION, ETC. | |
| Place of publication, distribution, etc. | Երևան : |
| Name of publisher, distributor, etc. | Հայոց ցեղասպանության թանգ. ին-տ հրատ., |
| Date of publication, distribution, etc. | 2013. |
| 300 ## - PHYSICAL DESCRIPTION | |
| Extent | 168 էջ ; |
| Dimensions | 20 սմ. |
| 650 14 - SUBJECT ADDED ENTRY--TOPICAL TERM | |
| Topical term or geographic name entry element | Հայոց պատմություն |
| 700 1# - ADDED ENTRY--PERSONAL NAME | |
| Personal name | Ավագյան, Արսեն |
| Relator term | խմբ. |
| Relationship | edt |
| 9 (RLIN) | 8549 |
| 710 2# - ADDED ENTRY--CORPORATE NAME | |
| Corporate name or jurisdiction name as entry element | Հայոց Ցեղասպանության թանգարան-ինստիտուտ |
| 9 (RLIN) | 4445 |
| Withdrawn status | Lost status | Damaged status | Not for loan | Collection | Home library | Current library | Date acquired | Cost, normal purchase price | Shelving control number | Total checkouts | Full call number | Barcode | Date last seen | Price effective from | Koha item type | Public note |
|---|---|---|---|---|---|---|---|---|---|---|---|---|---|---|---|---|
| General | Fundamental Scientific Library | Fundamental Scientific Library | 09/01/2017 | 2000.00 | AII/98722 | FL0255459 | 09/01/2017 | 09/01/2017 | Գրքեր / Books | 30 Days Loan | ||||||
| General | Fundamental Scientific Library | Fundamental Scientific Library | 09/01/2017 | 2000.00 | AII/98723 | FL0255458 | 09/01/2017 | 09/01/2017 | Գրքեր / Books | 30 Days Loan | ||||||
| General | Fundamental Scientific Library | Fundamental Scientific Library | 09/01/2017 | 5000.00 | AII/99320 | FL0282063 | 09/01/2017 | 09/01/2017 | Գրքեր / Books | 30 Days Loan | ||||||
| General | Fundamental Scientific Library | Fundamental Scientific Library | 09/01/2017 | 5000.00 | AII/99321 | FL0282064 | 09/01/2017 | 09/01/2017 | Գրքեր / Books | 30 Days Loan |
ՀՀ Գիտությունների ազգային ակադեմիայի հիմնարար գիտական գրադարան = Fundamental Scientific Library of NAS RA
All site content, except where otherwise noted, is licensed under a